Представление документа в формате RUSMARC

Поле Инд. ПП Название Значение
Тип записи a
Библиографический уровень a
001 Контрольный номер 4409ddd039bb4201a954c625f4d3f06d
005 Дата корректировки 20190201105105.5
100 a Данные общей обработки 20190201 ||| 0rusy0189 ca
101 0_ a Язык текста rus
102 a Страна публикации RU
200 1_ f Первые сведения об ответственности Ж.В. Виденькина, У.С. Юдина
a Заглавие Бандитизм в уголовном законодательстве зарубежных стран
b Общее обозначение материала Электронный ресурс
210 1_ d Дата издания 2018
461 _0 1 2000
a Закон и право
463 _0 1 2000
a № 12
v С. 87-89
1 2101
d 2018
1 0015f466bb8753f44a98aa773b211b7b3ee
606 a Основная рубрика Международное право. Право отдельных стран
610 0_ a Ключевые слова ПРАВО ЗАРУБЕЖНЫХ СТРАН
a Ключевые слова УГОЛОВНОЕ ПРАВО
a Ключевые слова БАНДИТИЗМ
a Ключевые слова УГОЛОВНАЯ ОТВЕТСТВЕННОСТЬ
700 _1 a Фамилия Виденькина
b Имя Ж.В.
701 _1 a Фамилия Юдина
b Имя У.С.
801 _0 a Страна RU
b Организация РГУП
c Дата составления 20190201
g Правила каталогизации PSBO
801 _1 a Страна RU
b Организация РГУП
c Дата составления 20190201
g Правила каталогизации PSBO
901 t Тип документа b
w Контрольный № источника 5f466bb8753f44a98aa773b211b7b3ee
905 a Дата ввода 20190201